La civilización maya

Bibliographic Details
Main Author: Morley, Sylvanus G
Format: Section = Libro
Language:Undetermined
Spanish
Published: México Fondo de Cultura Económica 1961
Edition:4a.ed.
Subjects:
LEADER 00573nam a2200217Ia 4500
008 240829s9999 xx 000 0 und d
040 |a BIBLIOTECA-RUSB/ Res 972.004 M864 
041 |a spa 
082 |a Res 972.004 M864 
100 1 |a Morley, Sylvanus G 
245 1 0 |a La civilización maya 
250 |a 4a.ed. 
260 |a México  |b Fondo de Cultura Económica  |c 1961 
300 |a 575 p. :il. 
650 7 |a CIVILIZACIONES Y ACONTECIMIENTOS 
650 7 |b  MAYAS 
650 7 |c  INDIOS DE MEXICO 
650 7 |d  INDIOS CULTURA 
942 |c BK  |2 ddc 
991 |a TEXTO 
999 |c 6904